|
|
|
|
| LEADER |
00916nam a2200241 a 4500 |
| 001 |
000641234 |
| 003 |
CZ BrMZK |
| 005 |
20030324104402.0 |
| 007 |
ta |
| 008 |
021210s1938 xr f cze d |
| 015 |
|
|
|a cnb001263858
|
| 035 |
|
|
|a (OCoLC)23560665
|
| 040 |
|
|
|a BOA001
|b cze
|c BOA001
|
| 100 |
1 |
|
|a Novák, Arne,
|d 1880-1939
|7 jk01090346
|4 aut
|
| 245 |
1 |
0 |
|a Josef Pekař :
|b jeho cesta domovem a životem /
|c Arne Novák ; kresby Karla Vika
|
| 260 |
|
|
|a V Turnově :
|b Müller a spol.,
|c 1938
|
| 300 |
|
|
|a 63 s.
|
| 500 |
|
|
|a Dostupné též v digitální podobě v aplikaci Kramerius
|
| 700 |
1 |
|
|a Vik, Karel,
|d 1883-1964
|7 jk01142339
|4 ill
|
| 856 |
4 |
1 |
|u http://www.digitalniknihovna.cz/mzk/uuid/uuid:a2147660-7064-11e7-aab4-005056827e52
|y Digitalizovaný dokument
|x NDK
|
| 910 |
|
|
|a BOA001
|b 2-0264.707
|
| 990 |
|
|
|a BK
|
| 996 |
6 |
|
|b 2619200969
|c 2-0264.707
|l MZK
|r Sklad / do 24 hodin
|n 3
|w 000641234
|u 000010
|a 1
|e BOA001
|j MZK50
|s P
|